| 000 | 01794cam a2200169 4500500 | ||
|---|---|---|---|
| 005 | 20251228052105.0 | ||
| 041 | _afre | ||
| 042 | _adc | ||
| 100 | 1 | 0 |
_aImbach, Ruedi _eauthor |
| 245 | 0 | 0 | _aJean-Pierre Manigne, Solitaire dans la foi ou comment je crois, Paris, Bayard, 2011 ; 19 × 15, 283 p., 22 €. ISBN : 978-2-227-48290-6 |
| 260 | _c2013. | ||
| 500 | _a14 | ||
| 520 | _aPierre-André Liégé, o.p., l’apôtre infatigable, l’un des rénovateurs de la catéchèse, a été un théologien original. Malheureusement, il ne reste de lui que quelques articles, des brochures et de petits livres, des contributions à la première Initiation théologique. C’est surtout comme théologien de la foi qu’il a marqué. La présente note passe en revue à ce sujet un certain nombre de ses publications de type catéchétique et analyse l’une des études de l’ Initiation. Un portrait confessant, intellectuel et spirituel est ainsi esquissé. | ||
| 520 | _aFrom faith to faithPierre-André Liégé, o.p, a tireless apostle and one of the renovators of catechesis was an original theologian. Unfortunately, we have only a few articles left of his, some brochures and small books, and contributions to the first Theological Initiation. It is especially as a theologian of faith that he has had an impact. The present essay examines in this regard a number of his publications of a catechetic nature and analyses one of the Initiation studies. A confessional, intellectual and spiritual portrait is thus sketched out. | ||
| 786 | 0 | _nRevue des sciences philosophiques et théologiques | 97 | 1 | 2013-05-01 | p. 149c-159c | 0035-2209 | |
| 856 | 4 | 1 | _uhttps://shs.cairn.info/revue-des-sciences-philosophiques-et-theologiques-2013-1-page-149c?lang=fr&redirect-ssocas=7080 |
| 999 |
_c1582792 _d1582792 |
||